Stavebno-technologický projekt: Bytový komplex Panorama Bojnice

Salvato in:
Dettagli Bibliografici
Autore principale: Hrnková, Ema Marie (Autore)
Altri autori: Ďubek, Marek (Relatore della tesi)
Natura: Manoscritto Libro
Lingua:slovacco
Pubblicazione: 2023
Soggetti:
Accesso online:http://is.stuba.sk/zp/portal_zp.pl?podrobnosti=168657
https://opac.crzp.sk/?fn=detailBiblioForm&sid=C0DEB8E07572332BAB240815805F
Tags: Aggiungi Tag
Nessun Tag, puoi essere il primo ad aggiungerne!!

MARC

LEADER 00000ntm a22000003a 4500
001 stuzp94088
003 SK-STU
005 20230918153918.2
007 ta
008 150427s2015----xo-----f-mn---000-0-slo-d
040 |a STU  |b slo 
041 0 |a slo 
100 1 |a Hrnková, Ema Marie  |u 010270  |4 aut  |U SvF Stavebná fakulta  |T SvF Katedra technológie stavieb  |X 97615  |U V270  |Y 28  |7 97615 
242 0 1 |a Construction - Technological Project - Apartment Buildings Panorama Bojnice  |y eng 
245 1 0 |a Stavebno-technologický projekt: Bytový komplex Panorama Bojnice 
260 |c 2023 
650 4 |a stavebno-technologický projekt  |2 slo 
650 4 |a projekt zariadenia staveniska  |2 slo 
650 4 |a časový plán  |2 slo 
650 4 |a riešenie bazéna  |2 slo 
650 4 |a construction technology project  |2 eng 
650 4 |a construction site equipment project  |2 eng 
650 4 |a construction time schedule  |2 eng 
650 4 |a pool solutions  |2 eng 
700 1 |a Ďubek, Marek  |u 010270  |k Z1  |4 ths  |U SvF Stavebná fakulta  |T SvF Katedra technológie stavieb  |X 20818  |U V270  |Y 28  |7 A000020818 
856 4 |u http://is.stuba.sk/zp/portal_zp.pl?podrobnosti=168657 
856 4 |u https://opac.crzp.sk/?fn=detailBiblioForm&sid=C0DEB8E07572332BAB240815805F